| 000 -LEADER | |
|---|---|
| fixed length control field | 00406nam a22001697a 4500 |
| 005 - DATE AND TIME OF LATEST TRANSACTION | |
| control field | 20210909153832.0 |
| 008 - FIXED-LENGTH DATA ELEMENTS--GENERAL INFORMATION | |
| fixed length control field | 160629b xxu||||| |||| 00| 0 eng d |
| 020 ## - INTERNATIONAL STANDARD BOOK NUMBER | |
| ISBN | 81-89757-76-8 |
| 041 ## - LANGUAGE CODE | |
| Language code of text/sound track or separate title | eng |
| 082 ## - DEWEY DECIMAL CLASSIFICATION NUMBER | |
| Item number | 12493 |
| 100 ## - MAIN ENTRY--AUTHOR NAME | |
| Personal name | Sharma, Vikram |
| 245 ## - TITLE STATEMENT | |
| Title | Fundamental of Computer Aided Design |
| 260 ## - PUBLICATION, DISTRIBUTION, ETC. (IMPRINT) | |
| Name of publisher | Katson |
| Year of publication | 2011 |
| 300 ## - PHYSICAL DESCRIPTION | |
| Number of Pages | 387 |
| 650 ## - SUBJECT ADDED ENTRY--TOPICAL TERM | |
| Topical Term | Diploma Engineering |
| 942 ## - ADDED ENTRY ELEMENTS (KOHA) | |
| Koha item type | Books |
| Lost status | Damaged status | Collection code | Home library | Current library | Shelving location | Date acquired | Cost, normal purchase price | Full call number | Accession Number | Koha item type |
|---|---|---|---|---|---|---|---|---|---|---|
| CS/IT | JRU Library | JRU Library | SHELF-50-B | 29/06/2016 | 245.00 | 006.6 | 12493 | Books | ||
| JRU Library | 29/06/2016 | 245.00 | 12493 | 12494 | Books | |||||
| JRU Library | Shelf - 27- I | 29/06/2016 | 245.00 | 12493 | 12495 | Books | ||||
| CS/IT | JRU Library | JRU Library | SHELF-52-H | 29/06/2016 | 245.00 | 006.6 | 12496 | Books | ||
| Missing | JRU Library | JRU Library | 29/06/2016 | 245.00 | 12493 | 12497 | Books | |||
| CS/IT | JRU Library | JRU Library | SHELF-52-H | 29/06/2016 | 245.00 | 006.6 | 12498 | Books | ||
| CS/IT | JRU Library | JRU Library | SHELF-52-H | 29/06/2016 | 245.00 | 006.6 | 12499 | Books |